Uncertain prices and segmentation of market as a survival strategy: The case of latex processing industry in India (Record no. 71736)

MARC details
000 -LEADER
fixed length control field 00543nam a2200121Ia 4500
100 ## - MAIN ENTRY--AUTHOR NAME
Personal name Joseph Joby
245 #0 - TITLE STATEMENT
Title Uncertain prices and segmentation of market as a survival strategy: The case of latex processing industry in India
260 ## - PUBLICATION, DISTRIBUTION, ETC. (IMPRINT)
Name of publisher IRC 2012. International Rubber Conference, 28-31 October 2012, Kovalam, India, Rubber Research Institute of India, Kottayam and IRRDB, Malaysia: Abstracts. pp.183-84
650 ## - SUBJECT ADDED ENTRY--TOPICAL TERM
Topical Term Latex processing industry
700 ## - ADDED ENTRY--PERSONAL NAME
Personal name George K Tharian
942 ## - ADDED ENTRY ELEMENTS (KOHA)
Koha item type Journals
Holdings
Withdrawn status Lost status Damaged status Not for loan Home library Current library Shelving location Date acquired Koha item type
      Journals RRII Library RRII Library Economics 18/04/2013 Journals